000 00755nas a2200241 4500
001 BR9501592
003 BR-BrBNA
005 20231205093926.0
007 ta
008 230509b bl.|||p| |||| 00| 00por d
040 _aBR-BrBNA
_bpor
_cBiblioteca Nacional de Agricultura
041 _a(En)
072 _aM12
100 1 _aArfelli, C.A.
100 1 _aAmorim, A.F. de
100 1 _aTomas, A.R.G.
245 1 _aFirst record of a giant squid Architeuthis sp Steenstrup, 1857 (Cephalopoda, Architeuthidae)in brazilian waters
650 _aLula
650 _aSanta Catarina
773 0 _tBoletim do Instituto de Pesca (Brazil)
_xISSN 0046-9939
_g(1991), v. 18 p. 83-88
_wBR9501592
909 _a202311
_bLúcia
_c55
_dLúcia Elande
942 _2AGRIS
_n0
_cANA
999 _c141127
_d141127